Growing Cities in the United Kingdom - Statistics

General Stats
  • This quiz has been taken 52 times
    18 since last reset
  • The average score is 7 of 10
Answer Stats
Population Population Gained City % Correct
8,888,608 638,403 London
100%
560,392 49,646 Manchester
94%
505,310 45,677 Edinburgh
88%
631,690 41,180 Glasgow
88%
1,161,258 75,448 Birmingham
81%
515,947 41,315 Leeds
81%
586,781 50,874 Bristol
75%
487,837 44,077 Leicester
50%
355,703 29,754 Coventry
31%
245,899 30,726 Northampton
25%
No matching quizzes found
Score Distribution
Percent of People with Each Score
Percentile by Number Answered
Your Score History
You have not taken this quiz since the last reset